000
00443nam a22001337a 4500
003
SGT
020
_a
9788192911427
082
_a
080
_b
S14S
100
_a
शेखर, सुघांशु
245
_a
सामाजिक न्याय : अम्बेडकर विचार और आधुनिक सन्दर्भ
260
_b
दर्शना पब्लिकेशंस
_c
2014
300
_a
198
942
_2
ddc
_c
BK
999
_c
31646
_d
31646